000 00347cam a22001217a 4500
008 180718b1961 xxu||||| |||| 00| 0 eng d
082 _aP975x54 In2n
100 _aKesavan, B. S.
245 _aIndia's National Library
_cby B. S. Kesavan
260 _aCalcutta
_bNational Library
_c1961
300 _a300p
700 _aIndia. National Library Calcutta
999 _c494981
_d494981